| 000 | 00520nam a2200145Ia 4500 | ||
|---|---|---|---|
| 008 | 170221s9999 xx 000 0 und d | ||
| 100 | _aMazlina Mustapha | ||
| 245 | _aChallenges and Success Factors of Female Entrepreneurs: Evidence from a Developing Country | ||
| 245 | _cMazlina Mustapha, Punitha A/P Subramaniam | ||
| 260 | _bInternational Review of Management and Marketing | ||
| 260 | _cJune 2015 | ||
| 300 | _a7:1 | ||
| 650 | _xMarketing. | ||
| 856 | _uhttp://www.econjournals.com/index.php/irmm/issue/view/77 | ||
| 999 |
_c310042 _d310042 |
||